Visualizzazione normale
Vista MARC
- Numismática musulmana
di Topical Term
Records bibliografici associati: 1
001 - CONTROL NUMBER
- control field: 11588
003 - CONTROL NUMBER IDENTIFIER
- control field: IT-RoINE
005 - DATE AND TIME OF LATEST TRANSACTION
- control field: 20140910144536.0
008 - FIXED-LENGTH DATA ELEMENTS
- fixed length control field: 140910|| aca||aabn | a|a d
040 ## - CATALOGING SOURCE
- Original cataloging agency: IT-RoINE
- Transcribing agency: IT-RoINE
150 ## - HEADING--TOPICAL TERM
- Topical term or geographic name as entry element: Numismática musulmana
- Geographic subdivision: España
- Form subdivision: Congresos
670 ## - SOURCE DATA FOUND
- Source citation: Work cat.: (IT-RoINE)0: Jarique de Numismática Hispano - Arab (2. 1988. Lérida, España) 11586, II Jarique de Numismática Hispano - Arab., 1990.